[Event "Issykkul op"]
[Site "Korumdu"]
[Date "2023.07.20"]
[Round "10"]
[White "Kostenko, Petr"]
[Black "Sezdbekov, Ruslan"]
[Result "0-1"]
[WhiteElo "2366"]
[BlackElo "2261"]
[PlyCount "114"]
[EventDate "2023.07.12"]
[EventType "swiss"]
[EventRounds "10"]
[EventCountry "KGZ"]
[SourceTitle "CBM 215 Extra"]
[Source "ChessBase"]
[SourceDate "2023.09.30"]
[SourceVersion "1"]
[SourceVersionDate "2023.09.30"]
[SourceQuality "1"]

1. c4 e5 2. Nc3 Nc6 3. e3 Nf6 4. Nf3 Bb4 5. Qc2 Bxc3 6. Qxc3 d6 7. d4 Qe7 8. Be2 0-0 9. d5 Nb8 10. Nd2 c6 11. e4 Nbd7 12. b4 cxd5 13. cxd5 Nb6 14. a4 Bd7 15. b5 Rfc8 16. Qb4 Bg4 17. f3 Bh5 18. Ba3 Ne8 19. a5 Nd7 20. Nc4 Nc5 21. h4 f5 22. exf5 e4 23. 0-0 Qxh4 24. Ne3 Nf6 25. Bc1 Qg3 26. Ra3 exf3 27. Bxf3 Bxf3 28. Rxf3 Nd3 29. Qd2 Rxc1+ 30. Qxc1 Qxf3 31. Rxd3 Qe2 32. Rc3 h5 33. Nc4 Rc8 34. Ne3 Rxc3 35. Qxc3 Qxb5 36. Qc8+ Kh7 37. Qe6 Qc5 38. Kf1 Qb5+ 39. Kg1 Qxa5 40. Qxd6 Qe1+ 41. Nf1 Qd1 42. Qc5 b6 43. Qc7 Qxd5 44. Qxa7 Qc5+ 45. Kh1 Qxf5 46. Nd2 Qa5 47. Qxa5 bxa5 48. Nc4 a4 49. Kh2 Kg6 50. Kg3 Kf5 51. Kf3 g5 52. Ke3 Kg4 53. Kf2 Kf4 54. g3+ Ke4 55. Ke2 Kd4 56. Ne3 Kc3 57. Nd1+ Kb3 0-1

[Event "Issykkul op"]
[Site "Korumdu"]
[Date "2023.07.17"]
[Round "7"]
[White "Sezdbekov, Ruslan"]
[Black "Shturman, Arseniy"]
[Result "1-0"]
[WhiteElo "2261"]
[BlackElo "2076"]
[PlyCount "85"]
[EventDate "2023.07.12"]
[EventType "swiss"]
[EventRounds "10"]
[EventCountry "KGZ"]
[SourceTitle "CBM 215 Extra"]
[Source "ChessBase"]
[SourceDate "2023.09.30"]
[SourceVersion "1"]
[SourceVersionDate "2023.09.30"]
[SourceQuality "1"]

1. e4 c5 2. Nf3 Nc6 3. b4 cxb4 4. d4 d5 5. exd5 Qxd5 6. c4 bxc3 7. Nxc3 Qa5 8. d5 e6 9. Qd2 exd5 10. Nxd5 Qxd2+ 11. Nxd2 Bd6 12. Bb2 Nf6 13. Nxf6+ gxf6 14. Ne4 Be5 15. Nxf6+ Bxf6 16. Bxf6 0-0 17. f3 Be6 18. Kf2 Rac8 19. a3 Na5 20. Bd3 Nb3 21. Rad1 Nc5 22. Bb1 Rc6 23. Rd4 Bf5 24. Bxf5 Rxf6 25. Rd5 b6 26. g4 Re8 27. h4 Rc6 28. Rhd1 Kg7 29. Bc2 h6 30. g5 Rce6 31. R1d2 Re3 32. a4 Rc3 33. Rf5 hxg5 34. Rxg5+ Kf8 35. h5 Ne6 36. Rg4 Ke7 37. h6 Rc5 38. h7 Rh5 39. Rg8 Rf8 40. Kg1 Nf4 41. Rxf8 Kxf8 42. Rd8+ Kg7 43. Rg8+ 1-0

[Event "Issykkul op"]
[Site "Korumdu"]
[Date "2023.07.16"]
[Round "6"]
[White "Maznitsin, Andrei"]
[Black "Sezdbekov, Ruslan"]
[Result "1/2-1/2"]
[WhiteElo "2177"]
[BlackElo "2261"]
[PlyCount "65"]
[EventDate "2023.07.12"]
[EventType "swiss"]
[EventRounds "10"]
[EventCountry "KGZ"]
[SourceTitle "CBM 215 Extra"]
[Source "ChessBase"]
[SourceDate "2023.09.30"]
[SourceVersion "1"]
[SourceVersionDate "2023.09.30"]
[SourceQuality "1"]

1. Nf3 Nf6 2. c4 e6 3. g3 d5 4. Bg2 Be7 5. d4 0-0 6. 0-0 dxc4 7. Ne5 Nc6 8. Nxc6 bxc6 9. Na3 Bxa3 10. bxa3 Ba6 11. Qd2 Rb8 12. Qa5 Qc8 13. a4 Rd8 14. Rd1 Nd5 15. Ba3 c3 16. e4 c2 17. Rdc1 Nb6 18. Qc3 e5 19. d5 cxd5 20. exd5 Nxd5 21. Qxe5 Nb6 22. Rxc2 Nc4 23. Qc5 Nxa3 24. Qxa3 h6 25. Qc5 Qg4 26. Rcc1 Qxa4 27. Qxa7 Rb2 28. Bf1 Bb5 29. Qxc7 Qd4 30. Qf4 Qxf4 31. gxf4 Bxf1 32. Rxf1 Ra8 33. a4 1/2-1/2

[Event "Issykkul op"]
[Site "Korumdu"]
[Date "2023.07.12"]
[Round "2"]
[White "Gleizerov, Evgeny"]
[Black "Sezdbekov, Ruslan"]
[Result "1-0"]
[WhiteElo "2409"]
[BlackElo "2261"]
[PlyCount "111"]
[EventDate "2023.07.12"]
[EventType "swiss"]
[EventRounds "10"]
[EventCountry "KGZ"]
[SourceTitle "CBM 215 Extra"]
[Source "ChessBase"]
[SourceDate "2023.09.30"]
[SourceVersion "1"]
[SourceVersionDate "2023.09.30"]
[SourceQuality "1"]

1. d4 Nf6 2. c4 e6 3. g3 g6 4. Bg2 d5 5. Nf3 Bg7 6. 0-0 0-0 7. Nc3 c6 8. Qd3 b6 9. b3 Nbd7 10. e4 dxe4 11. Nxe4 Nxe4 12. Qxe4 Bb7 13. Bf4 Nf6 14. Qe2 c5 15. Rad1 Ne4 16. Qe3 Qc8 17. Ne5 cxd4 18. Rxd4 Nc5 19. Bh6 Bxg2 20. Kxg2 f6 21. Bxg7 Kxg7 22. b4 fxe5 23. Qxe5+ Kg8 24. bxc5 bxc5 25. Rd6 Rb8 26. Rxe6 Rf5 27. Qe3 Qb7+ 28. Kg1 Qf3 29. Re8+ Rxe8 30. Qxe8+ Rf8 31. Qe6+ Qf7 32. Qxf7+ Kxf7 33. Rb1 Rd8 34. Rb5 Rd2 35. a4 Ra2 36. a5 Ra4 37. Rxc5 Ke6 38. Rc6+ Ke5 39. Ra6 Rxc4 40. Rxa7 h5 41. a6 Ra4 42. Ra8 Kf6 43. a7 Kg7 44. f4 Ra2 45. Kf1 Kh7 46. Ke1 Kg7 47. h3 Ra1+ 48. Kd2 Ra2+ 49. Kc1 Ra1+ 50. Kb2 Ra6 51. g4 Rb6+ 52. Kc3 Ra6 53. f5 hxg4 54. hxg4 gxf5 55. gxf5 Kh7 56. f6 1-0